Va' dove ti porta il cuore /

Gespeichert in:
Bibliographische Detailangaben
1. Verfasser: Tamaro, Susanna (Verfasst von)
Format: Buch
Sprache:Italienisch
Veröffentlicht: Milano : Baldini & Castoldi, 1994
Schriftenreihe:Romanzi e racconti ; 10
Tags: Tag hinzufügen
Keine Tags, Fügen Sie das erste Tag hinzu!

MARC

LEADER 00000nam a22000007i 4500
001 IT\ICCU\RAV\0233653
003 ItRI
005 20260115231945.0
008 940315s1994 it |||||| |||||1|||||c
015 |2 IT  |a 96838S 
020 |a 8885989403 
020 |a 9788885989405 
040 |b ita  |c importazione bologna sebina 
041 7 |a ita  |2 ISO-639-2 
082 |a 853.914  |9 NARRATIVA ITALIANA. 1945-  |2 20 
100 1 |a Tamaro, Susanna  |0 IT\ICCU\CFIV\114782  |4 aut 
240 1 0 |a Va' dove ti porta il cuore  |3 IT\ICCU\CFI\0330638  |9 Tamaro, Susanna 
245 1 0 |a Va' dove ti porta il cuore /  |c Susanna Tamaro. 
260 |a Milano :  |b Baldini & Castoldi,  |c 1994 
300 |a 165 p. ;  |c 23 cm 
830 0 |a Romanzi e racconti ;  |v 10  |0 IT\ICCU\RAV\0187056 
942 |2 ddc  |c BK  |n 0 
952 |0 0  |1 0  |4 0  |6 DOC_853_914000000000000_TAM  |7 0  |9 17800  |a BO  |b BO  |d 2026-01-15  |i 3224  |l 0  |o DOC 853.914 TAM  |p BO3224  |r 2026-01-15 23:19:45  |w 2026-01-15  |x [Sebina 5] [1 v.]  |y BK  |z 1 v. 
999 |c 15141  |d 15141